<?xml version="1.0" encoding="UTF-8"?>
<collection xmlns="http://www.loc.gov/MARC21/slim">
 <record>
  <leader>00522pamaa2200181   4500</leader>
  <controlfield tag="001">0000018836</controlfield>
  <controlfield tag="005">20190813090000.0</controlfield>
  <datafield tag="020" ind1="0" ind2="0">
   <subfield code="a">9780471287742 (hbk.) </subfield>
  </datafield>
  <datafield tag="082" ind1=" " ind2=" ">
   <subfield code="a">380.14591 GEE 1997</subfield>
  </datafield>
  <datafield tag="090" ind1="0" ind2="0">
   <subfield code="a">G155.A1 </subfield>
   <subfield code="b">GEE 1997</subfield>
  </datafield>
  <datafield tag="100" ind1="1" ind2="0">
   <subfield code="a">Gee </subfield>
  </datafield>
  <datafield tag="245" ind1="1" ind2="4">
   <subfield code="a">The travel industry  </subfield>
   <subfield code="c">Chuck Y. Gee, James C. Makens and Dexter J.L. Choy.</subfield>
  </datafield>
  <datafield tag="250" ind1="0" ind2="0">
   <subfield code="a">3rd ed.</subfield>
  </datafield>
  <datafield tag="260" ind1="0" ind2="0">
   <subfield code="a">New York: </subfield>
   <subfield code="b">Van Nostrand Reinhold, </subfield>
   <subfield code="c">1997.</subfield>
  </datafield>
  <datafield tag="300" ind1=" " ind2=" ">
   <subfield code="a">xiii, 494p.: </subfield>
   <subfield code="b">25cm.</subfield>
  </datafield>
  <datafield tag="650" ind1="0" ind2="0">
   <subfield code="a">Tourist trade </subfield>
  </datafield>
  <datafield tag="700" ind1="1" ind2="1">
   <subfield code="a">Makens, </subfield>
   <subfield code="h">James C. </subfield>
  </datafield>
  <datafield tag="700" ind1="1" ind2="1">
   <subfield code="a">Choy, </subfield>
   <subfield code="h">Dexter J.L. </subfield>
  </datafield>
 </record>
</collection>
